000 03303nam a2200349 a 4500
001 66162
003 BD-RjUL
005 20211209081515.0
008 041118s2004 nyua b 001 0 eng c
020 _a0824754301 (alk. paper)
035 _a(BD-RjUL)66292
040 _aNLM
_cNLM
_dTEF
_dCUX
_dDLC
_dBD-RjUL
_beng
041 _aeng
082 0 0 _223
_a612.3
_bGEN 2004
245 1 0 _aGenomics and proteomics in nutrition /
_cedited by Carolyn D. Berdanier, Naima Moustaid-Moussa.
260 _aNew York :
_bMarcel Dekker,
_cc2004.
300 _axiii, 507 p. :
_bill. ;
_c24 cm.
504 _aIncludes bibliographical references and index.
505 0 _aPart I: Mouse models of human diseases and gene transcription. 1. Genetic modifiers in rodent models of obesity / Yun Wang, Patsy M. Nishina, and Jürgen K. Naggert -- 2. Quantitative trait loci in obesity and type II diabetes in rodents / Jung Han Kim -- 3. The human sweet tooth and its relationship to obesity / Amanda H. McDaniel and Danielle R. Reed -- 4. The adipose renin-angiotensin system: genetics, regulation, and physiologic function / Brynn H. Voy ... [et al.] -- 5. Regulation of fat synthesis and adipogenesis / Kee-Hong Kim ... [et al.] -- 6. Transcriptional regulation of energy metabolism in liver / Manabu T. Nakamura. Part II: Genomics: large-scale analysis of gene expression by microarray. 7. Design and analysis of microarray studies for obesity research / Marie-Pierre St.-Onge ... [et al.] -- 8. Solving clinical problems in nutrition research with microarrays / Steven R. Smith ... [et al.] -- 9. Genomic approaches to understanding vitamin D action / James C. Fleet -- 10. Gene expression profiling in adipose tissue / Naima Moustaid-Moussa ... [et al.] -- 11. Phytochemicals and gene expression / Orsolya Mezei and Neil F. Shay --12. Gene expression profiling of immune cells: application for understanding aging of immune cells / Sung Nim Han and Simin Nikbin Meydani -- 13. Improving the nutritional value of cereal grains using a genomic approach / Liang Shi and Tong Zhu. Part III: Proteomics: large-scale analysis of protein expression and regulation. 14. Proteomics and genomics to detail responses to extracellular stimuli / James A. Carroll and Clayton E. Mathews -- 15. 2D gel proteomics studies on leukocytes / Ivan C. Gerling and Michael J. Pabst -- 16. Proteomics: tools for nutrition research in the postgenomic era / Arthur Grider -- 17. Proteomic analysis of the adipocyte secretome / Nieves Ibarrola, Akhilesh Pandey, and Chaerkady Raghothama -- 18. Mass spectrometry strategies for proteomic studies / Maya Belghazi and Hélène Rogniaux -- Bioinformatics tools / Simon M. Lin, Kimberly F. Johnson, and Seth W. Kullman -- 20. Statistical principles for analysis of array experiments / Arnold M. Saxton and E. Barry Moser.
650 0 _aNutrition
_xGenetic aspects.
_9195768
650 0 _aGenomics.
_9194920
650 0 _aProteomics.
_9195769
650 1 2 _aGenomics.
_9194920
650 1 2 _aNutrition.
_9176685
650 2 2 _aGene Expression.
_9195770
650 2 2 _aProteomics.
_9195769
650 2 2 _aVariation (Genetics)
_9195771
700 1 _aBerdanier, Carolyn D.
_9195772
700 1 _aMoustaid-Moussa, Naima.
_9195773
942 _2ddc
_cBK
999 _c66162
_d66162